| 000 | 00502nam a2200157Ia 4500 | ||
|---|---|---|---|
| 999 |
_c18948 _d18948 |
||
| 003 | OSt | ||
| 005 | 20200623112614.0 | ||
| 008 | 190216s9999||||xx |||||||||||||| ||und|| | ||
| 040 | _coclc | ||
| 082 |
_a954.0072 _bDAT/S |
||
| 100 |
_aDatta, Kali Kinkar _92994 |
||
| 245 | 0 |
_aA Survey Of Recent Studies On Modern Inidian History / _cKali Kinkar Datta |
|
| 260 |
_bFirmark L Mukhopadhyay, _c1963/ _aCalcutta: |
||
| 300 | _a115p | ||
| 942 |
_cBK _2ddc _h954.0072 _iDAT/S _k954.0072 _mDAT/S |
||